000
00335nam a2200145 4500
008
210511b ||||| |||| 00| 0 eng d
020
_a
2900393935812
041
_a
eng
080
_2
2nd
_a
37
082
_a
37
100
_a
46
101
_a
EDU
245
_a
The little Seagull Handbook with exercises
_c
Bullock,R
942
_2
ddc
_c
BK
999
_c
57224
_d
57224